Charakteristika a sledovanie vybraných vlastností sušených mias diplomová práca CD

Uložené v:
Podrobná bibliografia
Hlavný autor: Marcová, Terézia
Médium: Program Kniha
Jazyk:Slovak
Vydavateľské údaje: Bratislava STU FCHPT 2013
On-line prístup:View in OPAC
Tagy: Pridať tag
Žiadne tagy, Buďte prvý, kto otaguje tento záznam!

MARC

LEADER 00000nam a2200000 a 4500
005 20260127134300.0
007 co ugu
008 130813 2013 000 0 slo d
035 |a vtls010534616 
039 9 |y 201308131041  |z mschk03 
040 |a STUSCHK1  |b slo  |c STUSCHK1  |e AACR2 
100 1 |a Marcová, Terézia 
245 1 |a Charakteristika a sledovanie vybraných vlastností sušených mias  |b diplomová práca CD  |c Terézia Marcová 
260 |a Bratislava  |b STU FCHPT  |c 2013 
300 |a 1 optický disk 
500 |a Obhájené: 11.06.2013 
500 |a Štud. odbor: Potravinárstvo 
500 |a Škol. prac.: Odd. potravinárskej technológie 
500 |a Evid. číslo: FCHPT-5457-58767 
910 |a SCHK95 
999 |c 8679  |d 8679